Halifax EA launch website (Record no. 69734)
[ view plain ]
| 000 -LEADER | |
|---|---|
| fixed length control field | 00994cam a2200205 4500 |
| 001 - CONTROL NUMBER | |
| control field | WB3809-18 |
| 008 - FIXED-LENGTH DATA ELEMENTS--GENERAL INFORMATION | |
| fixed length control field | 020307n2002 000 0 eng u |
| 035 ## - SYSTEM CONTROL NUMBER | |
| System control number | (Sirsi) u117047 |
| 245 ## - TITLE STATEMENT | |
| Title | Halifax EA launch website |
| 260 ## - PUBLICATION, DISTRIBUTION, ETC. | |
| Date of publication, distribution, etc. | 2002 |
| 490 ## - SERIES STATEMENT | |
| Series statement | Estate Agency News |
| Volume/sequential designation | (176) March 2002, 18(1) |
| 520 ## - SUMMARY, ETC. | |
| Summary, etc. | Halifax Estate Agents online services are available through their new website at http://www.halifaxestateagency.co.uk The site allows housebuyers to search through all of the properties listed with Halifax Estate Agents in their 370-plus offices throughout England, Wales and Northern Ireland. The site is linked to http://www.halifax.co.uk and Halifax Online. Although there is no direct link to http://www.rightmove.co.uk yet. |
| 590 ## - LOCAL NOTE (RLIN) | |
| Local note | WB |
| 650 ## - SUBJECT ADDED ENTRY--TOPICAL TERM | |
| Topical term or geographic name entry element | HALIFAX |
| 650 ## - SUBJECT ADDED ENTRY--TOPICAL TERM | |
| Topical term or geographic name entry element | HOUSE BUYERS |
| 650 ## - SUBJECT ADDED ENTRY--TOPICAL TERM | |
| Topical term or geographic name entry element | PROPERTY-RESIDENTIAL PROPERTY-ACQUISITION AND DISPOSAL OF RESIDENTIAL PROPERTY |
| 650 ## - SUBJECT ADDED ENTRY--TOPICAL TERM | |
| Topical term or geographic name entry element | ESTATE AGENCY |
| 690 ## - LOCAL SUBJECT ADDED ENTRY--TOPICAL TERM (OCLC, RLIN) | |
| Topical term or geographic name as entry element | INFORMATION TECHNOLOGY-INTERNET |
| 942 ## - ADDED ENTRY ELEMENTS (KOHA) | |
| Suppress in OPAC | 0 |
| Withdrawn status | Lost status | Source of classification or shelving scheme | Damaged status | Not for loan | Home library | Current library | Shelving location | Date acquired | Total Checkouts | Full call number | Barcode | Date last seen | Copy number | Price effective from | Koha item type |
|---|---|---|---|---|---|---|---|---|---|---|---|---|---|---|---|
| Dewey Decimal Classification | London | London | News article | 07/03/2002 | WB3809-18 | 117047-1001 | 06/08/2019 | 1 | 06/08/2019 | News article |